|
|
|
|
| LEADER |
00000nab a2200000uu 4500 |
| 001 |
vtls011538344 |
| 003 |
SK-MaSNL |
| 005 |
20260303112707.0 |
| 008 |
230121|2005 xo |||||||||||||||||slo| |
| 015 |
|
|
|a SNBRB
|
| 035 |
|
|
|a (urnnbn)urn:nbn:sk:snk:ar-a09nvc
|
| 035 |
|
|
|a (uuid)ec026d27-0df6-4d2c-8635-8adfdc6fb010
|
| 035 |
|
|
|a urn:nbn:sk:snk-abex2m
|
| 040 |
|
|
|a SNKBUCL
|b slo
|c SNKBUCL
|e AACR2
|
| 041 |
0 |
|
|a slo
|
| 044 |
|
|
|a xo
|c SK
|
| 100 |
1 |
|
|a Jankovič, Martin
|4 aut
|9 503788
|
| 245 |
1 |
0 |
|a MOHUTNÝ MOMENT VEDOMIA
|c Martin Jankovič
|
| 773 |
0 |
|
|t Kritika & kontext
|g Roč. 10, č. 31 (2005), s. 53-60
|
| 954 |
|
|
|a odborná, vedecká literatúra pôvodná (slovenská)
|2 lita
|
| 958 |
|
|
|a OND
|
| 958 |
|
|
|a EUIPO
|
| 958 |
|
|
|a article22
|
| 999 |
|
|
|c 1886554
|d 1888484
|